| 000 | 01126nam a22002777a 4500 | ||
|---|---|---|---|
| 999 |
_c1191 _d1191 |
||
| 003 | AR-CdUCM | ||
| 008 | 190226b ||||| |||| 00| 0 spa d | ||
| 040 |
_aMUNICIPALIDAD PROVINCIAL DEL CUSCO _cBIBLIOTECA MUNICIPAL DEL CUSCO |
||
| 082 |
_a309.185 / _bI5 |
||
| 100 |
_aInstituto de Estudios Peruanos _94657 |
||
| 245 |
_aPerú problema : _bcinco ensayos / |
||
| 260 |
_aLima : _bInstituto de Estudios Peruanos, _c1983. |
||
| 300 |
_a213 páginas ; _c20 cm. |
||
| 505 | _aDominación, desarrollos desiguales y pluralismo en la sociedad y cultura peruana -- La cultura de la dominación -- Lengua, cultura y desarrollo -- Gran empresa y pequeña nación -- La mecánica de la dominación interna y del cambio social en la sociedad rural. | ||
| 650 |
_aCostumbres sociales _94658 |
||
| 650 |
_aConferencias _9376 |
||
| 650 |
_aEnsayos _9375 |
||
| 650 |
_aPerú _935 |
||
| 700 |
_aMatos Mar, José _94659 |
||
| 700 |
_aSalazar Bondy, Augusto _91562 |
||
| 700 |
_aEscobar, Alberto _91581 |
||
| 700 |
_aBravo Bresani, Jorge _94660 |
||
| 700 |
_aCotler, Julio _94661 |
||
| 942 |
_2ddc _cLIBROS |
||
| 945 |
_araen _d2019-02-26 |
||